El líder: visión, misión y acción (Registro nro. 6427)
[ vista simple ]
| 000 -Cabecera | |
|---|---|
| Campo de control de longitud fija | 01357ata a2200505 4500 |
| 005 - Fecha y hora de la última transacción | |
| Campo de control | 20250804151044.0 |
| 008 - Elementos de longitud fija--Información general | |
| Campo de control de longitud fija | 150717b2008 xxu||||| |||| 00| 0 spa d |
| 020 ## - International Standard Book Number | |
| Número Internacional Estándar del Libro (ISBN) | 9789684183346 |
| 041 ## - Idioma | |
| Código de idioma | Español |
| 082 ## - Clasificación Decimal Dewey | |
| Número de clasificación | 658.409.2 G172l |
| 100 ## - Entrada principal--Autor personal | |
| Nombre personal | Gallo González, Gonzalo |
| 9 (RLIN) | 14158 |
| 245 ## - Título propiamente dicho | |
| Título | El líder: visión, misión y acción |
| 260 ## - Pie de imprenta | |
| Lugar de publicación, distribución, etc. | Colombia |
| 260 ## - Pie de imprenta | |
| Nombre del editor, distribuidor, etc. | ECISA |
| 260 ## - Pie de imprenta | |
| Fecha de publicación, distribución, etc. | 2008 |
| 300 ## - Descripción física | |
| Extensión | 119 páginas |
| 490 ## - Serie | |
| Título de la Serie | Dirección y Administración de Empresas |
| 650 ## - Materia general | |
| Temática (materia general) | LIDERAZGO EJECUTIVO |
| 650 ## - Materia general | |
| Temática (materia general) | LIDERAZGO EN ACCIÓN |
| 650 ## - Materia general | |
| Temática (materia general) | MITOS |
| 650 ## - Materia general | |
| Temática (materia general) | VISIÓN |
| 650 ## - Materia general | |
| Temática (materia general) | MISIÓN |
| 650 ## - Materia general | |
| Temática (materia general) | ACCIÓN |
| 650 ## - Materia general | |
| Temática (materia general) | AUTÉNTICO LIDERAZGO |
| 650 ## - Materia general | |
| Temática (materia general) | SABER LIDERAR |
| 650 ## - Materia general | |
| Temática (materia general) | EJERCICIO DEL LIDERAZGO |
| 650 ## - Materia general | |
| Temática (materia general) | FALSOS PARADIGMAS |
| 650 ## - Materia general | |
| Temática (materia general) | CUALIDADES DEL LÍDER |
| 650 ## - Materia general | |
| Temática (materia general) | LIDERAZGO FEMENINO |
| 650 ## - Materia general | |
| Temática (materia general) | APRENDER Y DESAPRENDER |
| 650 ## - Materia general | |
| Temática (materia general) | MODELOS QUE INSPIRAN |
| 650 ## - Materia general | |
| Temática (materia general) | CONQUISTAR METAS |
| 650 ## - Materia general | |
| Temática (materia general) | PODER MENTAL |
| 650 ## - Materia general | |
| Temática (materia general) | LIDERAZGO EN EDUCACIÓN |
| 650 ## - Materia general | |
| Temática (materia general) | FUERZA DE LA PASIÓN |
| 650 ## - Materia general | |
| Temática (materia general) | PLAN DE VIDA |
| 650 ## - Materia general | |
| Temática (materia general) | COACHING |
| 650 ## - Materia general | |
| Temática (materia general) | CUALIDADES DEL LÍDER |
| 650 ## - Materia general | |
| Temática (materia general) | LIDERAZGO LATINO |
| 650 ## - Materia general | |
| Temática (materia general) | HUMANISMO |
| 650 ## - Materia general | |
| Temática (materia general) | LIDERAZGO FEMENINO |
| 650 ## - Materia general | |
| Temática (materia general) | LECCIONES DE SABIDURÍA |
| 650 ## - Materia general | |
| Temática (materia general) | LÍDERES CON VALORES |
| 942 ## - Punto de acceso adicional KOHA | |
| Tipo de ítem KOHA | Libro |
| Fuente del sistema de clasificación o colocación | Dewey Decimal Classification |
| Signatura completa | Código de barras | Programa Académico | Tipo de ítem |
|---|---|---|---|
| 658.409 2 G172l | 9177 | Dirección y Administración de Empresas | Libro |